[Event "ICS rated blitz match"]
[Site "207.99.83.227"]
[Date "1999.05.14"]
[Round "?"]
[White "Hossa"]
[Black "Secret"]
[Result "0-1"]
[WhiteElo "2461"]
[BlackElo "2717"]
[Annotator "Crafty v16.6"]
[PlyCount "87"]

{annotating for player ossa using a scoring margin of +0.20 pawns. search time
limit is 1:00} 1. e4 1... e5 2. f4 exf4 3. Nf3 d5 4. Nc3 dxe4 5. Nxe4 f5 6. Nf2
Bd6 7. Bc4 ({8:-0.86} 7. Bc4 7... Nc6 8. Qe2+ Qe7 9. d4 Qxe2+ 10. Bxe2 Be6 11.
Bd2 O-O-O 12. O-O-O $17) ({8:-0.25} 7. Qe2+ 7... Kf8 8. Ne5 Nd7 9. d4 Qh4 10.
Bd2 Nxe5 11. dxe5 11... Bc5 $10) 7... Qe7+ 8. Qe2 Bd7 9. Qxe7+ Nxe7 10. Ng5 ({
11:-0.88} 10. Ng5 10... Nbc6 11. Nf7 Nd4 12. Kd1 Rf8 13. Nxd6+ cxd6 14. Re1 Rc8
15. b3 Bb5 16. Bb2 Bxc4 17. Bxd4 $17) ({11:-0.44} 10. b3 10... b5 11. Be2 Na6
12. Bb2 Nb4 13. O-O-O O-O-O 14. Bxg7 Nxa2+ 15. Kb1 15... Rhg8 $15) 10... b5 11.
Bf7+ Kd8 12. d3 ({10:-0.67} 12. d3 12... h6 13. Bd5 Nxd5 14. Nf7+ Ke7 15. Nxh8
Ne3 16. Kd2 Nxg2 17. Kc3 $15) ({10:-0.10} 12. Bh5 12... Rg8 13. Nf7+ Kc8 14.
Nxd6+ cxd6 15. O-O Kb7 16. d3 g5 17. c4 Rc8 18. cxb5 18... Bxb5 $10) 12... Nbc6
13. Bb3 Kc8 14. O-O Nd4 15. Re1 ({10:-0.72} 15. Re1 15... Ng6 16. Bd2 Kb7 17.
Bd5+ Bc6 18. Bxc6+ Kxc6 19. Ne6 Nxe6 20. Rxe6 Rhe8 21. Rae1 Rxe6 22. Rxe6 $17)
({10:-0.28} 15. Nf7 15... Re8 16. Nxd6+ cxd6 17. c3 Nxb3 18. axb3 Ng6 19. Nh3
Kc7 20. Bxf4 Re2 21. Bc1 $10) 15... Re8 16. c3 Nxb3 17. axb3 Kb7 18. Nxh7 ({
10:-1.32} 18. Nxh7 18... Ng6 19. Rxe8 Rxe8 20. Bd2 Bc6 21. c4 Nh4 22. Bc3 Re7
23. Bd4 Bxg2 24. Rxa7+ $17) ({10:-0.96} 18. Bd2 18... Ng6 19. Nfh3 Bc6 20. Ne6
f3 21. Nxg7 Rxe1+ 22. Rxe1 fxg2 23. Nxf5 Bc5+ 24. d4 24... Bb6 $17) 18... Nd5
19. Bd2 Ne3 20. Ng5 Be7 21. Nf3 Nc2 22. Bxf4 Nxe1 23. Rxe1 Bd6 24. Be5 Bc6 25.
d4 Bxf3 26. gxf3 Bxe5 27. dxe5 Rad8 28. f4 ({12:-1.50} 28. f4 28... Rd2 29. b4
Rxb2 30. Nd3 Rc2 31. Nc5+ Kc6 32. Nb3 Rxc3 33. Nd4+ Kb6 34. Nxf5 34... g6 $17)
({12:-0.86} 28. Re2 28... f4 29. e6 Rd6 30. Ne4 Rd5 31. b4 Kc6 32. Nc5 32...
Re7 $17) 28... Rd2 29. b4 Rxb2 30. Re3 Rd8 31. Kg2 Rdd2 32. Rf3 c5 33. bxc5 a5
34. h4 a4 35. e6 a3 36. e7 Re2 37. c4 a2 38. Ra3 Rxf2+ 39. Kg3 Rfe2 40. c6+ Kc7
41. h5 bxc4 42. Ra4 c3 43. h6 c2 44. Ra7+ 0-1

[Event "ICS rated blitz match"]
[Site "207.99.83.227"]
[Date "1999.05.14"]
[Round "?"]
[White "supernerd"]
[Black "Hossa"]
[Result "0-1"]
[WhiteElo "2242"]
[BlackElo "2455"]
[PlyCount "105"]

1. d4 Nf6 2. e3 g6 3. f4 Bg7 4. Nf3 O-O 5. Bd3 Nc6 6. c3 d5 7. O-O Ne4 8. Nbd2
Bf5 9. Qe2 a6 10. Ne5 Nxd2 11. Bxd2 Bxd3 12. Qxd3 Qd6 13. e4 Rad8 14. Rae1 Nb8
15. Nf3 Nc6 16. e5 Qe6 17. Ng5 Qg4 18. h3 Qh4 19. Re2 Rde8 20. Be1 Qh5 21. g4
Qh6 22. h4 f5 23. Qg3 e6 24. Rh2 Bh8 25. h5 Re7 26. hxg6 Qxg6 27. gxf5 Rxf5 28.
Kh1 Rg7 29. Rg1 Rff7 30. Qh3 Re7 31. Rhg2 a5 32. Bh4 Qh6 33. Kh2 a4 34. a3 Re8
35. Rg4 Nd8 36. Nf3 Rxg4 37. Rxg4+ Kf7 38. Ng5+ Kf8 39. Nf3 Nf7 40. Qg3 Bg7 41.
Kg2 b5 42. Ng5 Nd8 43. Qf3 Qg6 44. f5 exf5 45. Rf4 h6 46. Rxf5+ Kg8 47. Kf2
hxg5 48. Bxg5 Ne6 49. Bf6 Rf8 50. Ke2 Bxf6 51. exf6 c6 52. Kf2 Ng5 53. Qf4 {
supernerd resigns} 0-1

[Event "ICS rated blitz match"]
[Site "207.99.83.227"]
[Date "1999.05.14"]
[Round "?"]
[White "supernerd"]
[Black "Hossa"]
[Result "0-1"]
[WhiteElo "2258"]
[BlackElo "2462"]
[PlyCount "95"]

1. d4 Nf6 2. f4 e6 3. Nf3 Be7 4. e3 O-O 5. Bd3 Nc6 6. c3 d5 7. Nbd2 Ng4 8. Qe2
Bh4+ 9. g3 Be7 10. O-O f6 11. e4 a5 12. Re1 Qd7 13. Nf1 Bd6 14. h3 Nh6 15. Bd2
Nf7 16. e5 Be7 17. g4 fxe5 18. fxe5 a4 19. a3 Rb8 20. Ng3 Qd8 21. Rf1 Bd7 22.
Kg2 Bh4 23. Nxh4 Qxh4 24. Qe3 Na5 25. Nh5 Nc4 26. Bxc4 dxc4 27. Qg3 Qxg3+ 28.
Kxg3 c5 29. Nf4 Rbd8 30. Be3 Rde8 31. dxc5 Nxe5 32. Rad1 Nd3 33. Nxd3 Rxf1 34.
Rxf1 cxd3 35. Rd1 Bb5 36. Kf4 Rd8 37. Bd4 Bc4 38. Ke3 Rd5 39. Ke4 h5 40. Rd2
Kh7 41. gxh5 Rxh5 42. Kf4 Rxh3 43. Rg2 g6 44. Rf2 Rh5 45. Ke4 Kg8 46. Rf6 d2
47. Rxg6+ Kf8 48. Rg5 {supernerd resigns} 0-1

[Event "ICS rated blitz match"]
[Site "207.99.83.227"]
[Date "1999.05.14"]
[Round "?"]
[White "Hossa"]
[Black "inmortal"]
[Result "1-0"]
[WhiteElo "2470"]
[BlackElo "2367"]
[PlyCount "127"]

1. e4 e5 2. f4 d5 3. exd5 e4 4. Nc3 Nf6 5. Bb5+ c6 6. dxc6 bxc6 7. Ba4 Bc5 8.
Nge2 O-O 9. Bb3 Re8 10. Na4 Bd6 11. O-O Nbd7 12. Nac3 Nc5 13. Bc4 Bc7 14. a3
Bg4 15. h3 Be6 16. Bxe6 Nxe6 17. Rb1 Bb6+ 18. Kh1 Nh5 19. Nxe4 Qh4 20. d3 f5
21. Nd6 Rf8 22. Qe1 Qe7 23. Nc4 Rae8 24. Bd2 Rf6 25. Qh4 g6 26. Rbe1 Rf7 27.
Qxe7 Rfxe7 28. Nxb6 axb6 29. Kh2 Nc5 30. Nd4 Rxe1 31. Rxe1 Rxe1 32. Bxe1 Nxf4
33. Nxc6 Kf7 34. Bf2 g5 35. Bxc5 bxc5 36. b4 cxb4 37. axb4 Ke6 38. b5 Nd5 39.
c4 Nb6 40. Nd4+ Ke5 41. c5 Nd5 42. Nb3 f4 43. Kh1 h5 44. Kh2 g4 45. hxg4 hxg4
46. Kg1 Nb4 47. b6 Kd5 48. Kf1 Kc6 49. d4 Na6 50. Na5+ Kd7 51. c6+ Kd6 52. Ke2
Nb4 53. d5 Nxd5 54. b7 Kc7 55. Ke1 Ne7 56. Kf1 Nd5 57. Nb3 Ne7 58. Nd4 Nd5 59.
Ne6+ Kb8 60. Nc5 Nb4 61. Nd7+ Kc7 62. b8=Q+ Kxc6 63. Qxb4 Kxd7 64. Qxf4 {
inmortal resigns} 1-0

[Event "ICS rated blitz match"]
[Site "207.99.83.227"]
[Date "1999.05.14"]
[Round "?"]
[White "xroniko"]
[Black "Hossa"]
[Result "0-1"]
[WhiteElo "2299"]
[BlackElo "2481"]
[PlyCount "154"]

1. d4 Nf6 2. Nf3 e6 3. g3 d5 4. Bg2 Bd6 5. O-O O-O 6. c4 dxc4 7. Qc2 Nc6 8.
Qxc4 e5 9. Nc3 exd4 10. Nxd4 Ne5 11. Qb3 a5 12. Bg5 c5 13. Ndb5 Be7 14. Rad1
Qb6 15. Bxf6 Be6 16. Bxe7 Bxb3 17. axb3 Rfc8 18. Rd6 Nc6 19. Rfd1 Re8 20. Bg5
h6 21. Bf4 Rad8 22. h4 Rxd6 23. Rxd6 Re6 24. Rxe6 fxe6 25. Bc7 Qa6 26. e3 Nb4
27. Bf1 Qc6 28. Bc4 Kh8 29. e4 Qd7 30. Bf4 Nd3 31. Be3 Nxb2 32. e5 Nxc4 33.
bxc4 Qd3 34. Bxc5 Qxc4 35. Bd6 Qc6 36. Kf1 Qf3 37. Ke1 Qd3 38. Ba3 Kh7 39. Bd6
h5 40. Ba3 Kg8 41. Bd6 g6 42. Ba3 a4 43. Bd6 Kh8 44. Ba3 Kh7 45. Bd6 Kg8 46.
Ba3 Kh8 47. Bd6 Qf3 48. Ba3 Kg7 49. Bd6 Qd3 50. Ba3 Qf5 51. Bd6 Qf3 52. Ba3 Kg8
53. Bd6 Kh7 54. Ba3 Qf5 55. Bd6 Qd3 56. Ba3 Qc2 57. Bd6 Qc1+ 58. Ke2 Kg7 59.
Ba3 Qc2+ 60. Ke3 Kh7 61. Bd6 Kh8 62. Ba3 Kg8 63. Bd6 Qc1+ 64. Ke2 Qb2+ 65. Ke3
Kf7 66. Ba3 Qc2 67. Ne4 Qb3+ 68. Nec3 Kg8 69. Kd4 Qc2 70. f4 Qf2+ 71. Kc4 Qxg3
72. Kc5 Qxh4 73. Kd6 Qg4 74. Ne4 Qxf4 75. Nf6+ Kf7 76. Kd7 Qxe5 77. Nd6+ 77...
Kxf6 {xroniko resigns} 0-1

[Event "ICS rated blitz match"]
[Site "207.99.83.227"]
[Date "1999.05.14"]
[Round "?"]
[White "Hossa"]
[Black "UBet"]
[Result "1-0"]
[WhiteElo "2489"]
[BlackElo "2195"]
[PlyCount "33"]

1. e4 e5 2. f4 Nc6 3. Ne2 exf4 4. Nxf4 Bc5 5. Bc4 a6 6. Bxf7+ Kxf7 7. Qh5+ g6
8. Qxc5 Nf6 9. O-O Kg7 10. d3 d6 11. Qg5 Ne5 12. Nc3 h6 13. Qg3 g5 14. Nfe2 c6
15. Bxg5 hxg5 16. Qxg5+ Kf7 17. Rxf6+ {UBet resigns} 1-0

[Event "ICS rated blitz match"]
[Site "207.99.83.227"]
[Date "1999.05.14"]
[Round "?"]
[White "Esen"]
[Black "Hossa"]
[Result "0-1"]
[WhiteElo "2095"]
[BlackElo "2494"]
[PlyCount "54"]

1. d4 Nf6 2. Bg5 c5 3. Bxf6 exf6 4. dxc5 Bxc5 5. Nf3 Qb6 6. e3 Qxb2 7. Nbd2 O-O
8. Qc1 Qc3 9. Bc4 Rd8 10. Bb3 Ba3 11. Qd1 d5 12. O-O Nc6 13. Nb1 Qxa1 14. Nxa3
Qxd1 15. Rxd1 Be6 16. Nb5 Rac8 17. Nfd4 a6 18. Nxc6 bxc6 19. Nd4 h5 20. Ba4 Rd6
21. Nb3 c5 22. c4 Rdd8 23. cxd5 Rxd5 24. Rxd5 Bxd5 25. Kf1 Bc4+ 26. Ke1 Bb5 27.
Bxb5 27... axb5 {Esen resigns} 0-1

[Event "ICS rated blitz match"]
[Site "207.99.83.227"]
[Date "1999.05.14"]
[Round "?"]
[White "Hossa"]
[Black "rotov"]
[Result "1-0"]
[WhiteElo "2497"]
[BlackElo "2111"]
[PlyCount "49"]

1. e4 c5 2. Nc3 Nc6 3. Nf3 g6 4. Bc4 Bg7 5. d3 d6 6. Bg5 Nf6 7. Nd5 Nxd5 8.
exd5 Ne5 9. Nxe5 Bxe5 10. O-O O-O 11. c3 Bd7 12. f4 Bg7 13. Qe2 Bf6 14. Bxf6
exf6 15. Rae1 Re8 16. Qf2 Qc7 17. Qh4 Kg7 18. Kh1 Rxe1 19. Rxe1 Re8 20. Re4 f5
21. Rxe8 Bxe8 22. a3 f6 23. Qe1 Kf7 24. Qe6+ Kg7 25. Qxe8 {rotov resigns} 1-0

[Event "ICS rated blitz match"]
[Site "207.99.83.227"]
[Date "1999.05.14"]
[Round "?"]
[White "Hossa"]
[Black "JudgeTurpin"]
[Result "0-1"]
[WhiteElo "2503"]
[BlackElo "2645"]
[Annotator "Crafty v16.6"]
[PlyCount "81"]

{annotating for player ossa using a scoring margin of +0.20 pawns. search time
limit is 1:00} 1. e4 1... e5 2. f4 exf4 3. Nf3 d6 4. Bc4 ({9:-0.91} 4. Bc4 4...
Be7 5. Rg1 Nc6 6. d4 Bh4+ 7. g3 fxg3 8. hxg3 Bf6 9. Nc3 $17) ({9:-0.54} 4. d4
4... g5 5. h3 Bh6 6. Nc3 Nc6 7. Bb5 Nf6 8. e5 $15) 4... h6 5. d4 g5 6. h4 ({
9:-1.02} 6. h4 6... g4 7. Ng1 f3 8. gxf3 Be7 9. Kd2 g3 10. Bb5+ 10... c6 $17) (
{9:-0.70} 6. h3 6... Nc6 7. Rf1 Nf6 8. Nc3 Qe7 9. Qe2 Be6 10. Bb5 $15) 6... Bg7
7. O-O ({8:-2.42} 7. O-O 7... gxh4 8. Qd3 h3 9. Qb3 Qf6 10. gxh3 Bxh3 11. Qxb7
$19) ({8:-0.84} 7. Bb5+ 7... c6 8. Be2 g4 9. Ng1 Bf6 10. Bxf4 Bxh4+ 11. g3
11... Bf6 $17) 7... Bg4 8. Bb5+ ({8:-1.50} 8. Bb5+ 8... c6 9. Bc4 Ne7 10. Qd3
Ng6 11. Nbd2 gxh4 12. Nb3 $17) ({8:-1.09} 8. c3 8... Qe7 9. Qb3 c6 10. Na3 b5
11. Bd3 11... Nd7 $17) 8... c6 9. Be2 Ne7 10. Nc3 Ng6 11. hxg5 hxg5 12. Rf2 ({
9:-2.02} 12. Rf2 12... Nd7 13. d5 c5 14. Nb5 Nb6 15. Nd2 Bxe2 16. Qxe2 16...
Ne5 $19) ({9:-1.81} 12. e5 12... dxe5 13. dxe5 Bxf3 14. Bxf3 Nd7 15. Ne4 Qb6+
16. Rf2 Bxe5 17. Nxg5 17... Bxb2 $19) 12... Nd7 13. d5 Bxc3 14. dxc6 bxc6 15.
bxc3 Nc5 16. Nd4 ({10:-3.78} 16. Nd4 16... Nxe4 17. Qe1 Qe7 18. Rxf4 Bxe2 19.
Rxe4 Qxe4 20. Qxe2 Qxe2 21. Nxe2 $19) ({10:-1.96} 16. Qd4 16... Qe7 17. Bd3 Bd7
18. Nd2 Ne6 19. Qb4 Ne5 20. Qb7 20... Qd8 $19) 16... Nxe4 17. Qe1 Qe7 18. Bxf4
({10:-4.44} 18. Bxf4 18... Nxf2 19. Qxf2 Bxe2 20. Nxc6 Qe4 21. Bxd6 Kd7 22. Nd4
Kxd6 23. Nxe2 $19) ({10:-3.90} 18. Rxf4 18... gxf4 19. Bxg4 Rh1+ 20. Kxh1 Ng3+
21. Qxg3 fxg3 22. Bd2 Qh4+ 23. Bh3 Ne7 24. Rb1 24... Qe4 $19) 18... Bd7 19. Bh2
({10:-3.68} 19. Bh2 19... Nxf2 20. Qxf2 Ne5 21. Re1 g4 22. Bf4 c5 23. Nb5 23...
Bf5 $19) ({10:-2.11} 19. Bf3 19... f5 20. Bxe4 fxe4 21. Bg3 a5 22. Qe3 c5 23.
Nf5 Bxf5 24. Rxf5 24... g4 $19) 19... Nxf2 20. Qxf2 Ne5 21. Rb1 ({9:-3.63} 21.
Rb1 21... c5 22. Nb5 Kd8 23. Na3 Ng4 24. Qf3 Rc8 25. Bg3 $19) ({9:-3.42} 21.
Re1 21... f6 22. Bg3 Qf7 23. Nf5 Qf8 24. Bc4 Bxf5 25. Qxf5 25... Qe7 $19) 21...
c5 22. Nf5 ({9:-3.78} 22. Nf5 22... Qf6 23. Bxe5 dxe5 24. Bb5 Bxb5 25. Rxb5 Rd8
26. Qf3 Rd2 27. Qe4 $19) ({9:-3.57} 22. Nb5 22... Bxb5 23. Bxb5+ Kf8 24. Qf5
Rb8 25. Rb3 Rh6 26. Bg3 26... Kg8 $19) 22... Qf6 23. Rf1 O-O-O 24. Ba6+ ({
9:-3.69} 24. Ba6+ 24... Kc7 25. Bg3 Rb8 26. Ne3 Qxf2+ 27. Rxf2 Rb1+ 28. Rf1
Rxf1+ 29. Kxf1 Rh1+ 30. Ke2 Ra1 31. Nd5+ Kd8 32. Bxe5 32... dxe5 $19) ({9:-3.42
} 24. Bg3 24... Rde8 25. Ne3 Qe6 26. Ba6+ Kc7 27. c4 Nf3+ 28. Qxf3 Qxe3+ 29.
Qxe3 Rxe3 30. Kf2 $19) 24... Kc7 25. Ne3 ({9:-3.98} 25. Ne3 25... Qh6 26. Qg3
Be6 27. c4 Rb8 28. Bb5 Qh5 29. Ba6 29... Kb6 $19) ({9:-3.74} 25. Bg3 25... Rb8
26. Ne3 Qxf2+ 27. Rxf2 Rb1+ 28. Rf1 Rxf1+ 29. Kxf1 Rh1+ 30. Ke2 Ra1 31. Nc4
Rxa2 32. Nxe5 Rxa6 33. Nxf7 $19) 25... Qh6 26. Qg3 Bc6 27. Nf5 ({9:-4.12} 27.
Nf5 27... Qh5 28. Ng7 Qh7 29. Nf5 Ng4 30. Qxg4 Qxh2+ 31. Kf2 Kb6 32. Bc4 $19) (
{9:-3.83} 27. Bd3 27... Rde8 28. Nf5 Qg6 29. c4 Bd7 30. Qf2 Bxf5 31. Bxf5 31...
Qh5 $19) 27... Qh5 28. Ne3 ({10:-4.77} 28. Ne3 28... Rh6 29. Nf5 Rh7 30. Re1
Ng4 31. Qh3 Qxh3 32. gxh3 Rxh3 33. Bg3 $19) ({10:-4.33} 28. Ng7 28... Qh7 29.
Nf5 f6 30. Be2 Be4 31. Ne3 f5 32. Rb1 32... Qe7 $19) 28... Rb8 29. Rf5 Rb1+ 30.
Bf1 Kb7 31. Rxg5 Qe2 32. Rf5 Re1 33. Nc4 Nxc4 34. Rxf7+ Kb6 35. Qf2 Qh5 36. Qg3
Ne3 37. a4 Qe2 38. Qxe1 Qxe1 39. a5+ Kxa5 40. g4 Nxf1 41. Rxf1 0-1

[Event "ICS rated blitz match"]
[Site "207.99.83.227"]
[Date "1999.05.14"]
[Round "?"]
[White "Hossa"]
[Black "JudgeTurpin"]
[Result "0-1"]
[WhiteElo "2493"]
[BlackElo "2650"]
[Annotator "Crafty v16.6"]
[PlyCount "97"]

{annotating for player ossa using a scoring margin of +0.20 pawns. search time
limit is 1:00} 1. e4 1... c5 2. Nc3 d6 3. Bc4 Nc6 4. d3 e6 5. Nf3 Nf6 6. Bb5
Bd7 7. Bg5 ({9:-0.25} 7. Bg5 7... Be7 8. Qd2 Nd4 9. Bxd7+ Nxd7 10. Bxe7 Nxf3+
11. gxf3 Qxe7 12. O-O-O O-O 13. Qf4 $10) ({9:+0.05} 7. d4 7... cxd4 8. Nxd4
Nxd4 9. Qxd4 Bxb5 10. Nxb5 Qd7 11. c4 a6 12. Nc3 12... Be7 $10) 7... h6 8. Be3
a6 9. Bc4 Ng4 10. O-O ({10:-1.04} 10. O-O 10... Nxe3 11. fxe3 b5 12. Bb3 Be7
13. d4 c4 14. d5 exd5 15. exd5 15... Nb4 $17) ({10:-0.30} 10. Qe2 10... b5 11.
Bb3 b4 12. Na4 Na5 13. c3 Nxe3 14. Qxe3 Nxb3 15. axb3 15... Be7 $10) 10... Qb6
11. Bd2 Be7 12. h3 Nge5 13. Nxe5 Nxe5 14. Bb3 Bf6 15. Na4 ({10:-0.38} 15. Na4
15... Qd8 16. Qh5 O-O 17. Be3 Nc6 18. Nc3 e5 19. Nd5 19... b5 $15) ({10:-0.14} 
15. Qh5 15... a5 16. Ba4 Qd8 17. Nb5 O-O 18. Rab1 Bg5 19. Rbd1 Bc6 20. Bxg5
Qxg5 21. Qxg5 21... hxg5 $10) 15... Qa7 16. Qh5 b5 17. Nc3 O-O 18. Bxh6 ({
9:-1.85} 18. Bxh6 18... gxh6 19. Qxh6 Bg7 20. Qg5 Qc7 21. a4 b4 22. Ne2 $19) ({
9:-0.15} 18. Bf4 18... Qc7 19. Bg3 a5 20. a4 c4 21. dxc4 bxc4 22. Ba2 22... Qc5
$10) 18... gxh6 19. Qxh6 Bg7 20. Qg5 Rfe8 21. a3 Kf8 22. Rae1 a5 23. Kh1 a4 24.
Ba2 b4 25. axb4 cxb4 26. Ne2 Nc6 27. Rb1 b3 28. cxb3 a3 29. e5 ({9:-2.92} 29.
e5 29... Bxe5 30. bxa3 Qxa3 31. Nc1 Nb4 32. f4 Bb2 33. Rxb2 33... Qxb2 $19) ({
9:-2.51} 29. Nf4 29... axb2 30. Nh5 Bd4 31. Nf6 Bxf6 32. Qxf6 Qxa2 33. Rxb2 Qa6
34. Rd1 $19) 29... Nb4 30. Nc1 Bxe5 31. bxa3 Qxa3 32. d4 Bxd4 33. Rd1 Be5 34.
f4 Bg7 35. Rxd6 Rac8 36. Rxd7 Rxc1+ 37. Rxc1 Qxc1+ 38. Kh2 Nxa2 39. Rd8 Qc3 40.
g4 Nb4 41. Rxe8+ Kxe8 42. Qb5+ Nc6 43. Qb7 Qc2+ 44. Kg3 Qd3+ 45. Kh2 Nd8 46.
Qb4 Qe2+ 47. Kg3 Qe3+ 48. Kh4 Bc3 49. Qb5+ 0-1

[Event "ICS rated blitz match"]
[Site "207.99.83.227"]
[Date "1999.05.14"]
[Round "?"]
[White "Hossa"]
[Black "JudgeTurpin"]
[Result "0-1"]
[WhiteElo "2484"]
[BlackElo "2659"]
[Annotator "Crafty v16.6"]
[PlyCount "81"]

{annotating for player ossa using a scoring margin of +0.20 pawns. search time
limit is 1:00} 1. e4 1... e5 2. f4 exf4 3. Nf3 d6 4. d4 g5 5. h4 ({9:-1.06} 5.
h4 5... g4 6. Ng1 f3 7. gxf3 Be7 8. Kd2 g3 9. Bb5+ 9... c6 $17) ({9:-0.67} 5.
h3 5... Bh6 6. Nc3 Bd7 7. Bc4 Nc6 8. Bd2 Nf6 9. Rf1 $15) 5... g4 6. Ng5 ({
10:-2.09} 6. Ng5 6... f6 7. Nxh7 Rxh7 8. Bxf4 Rh5 9. Be2 f5 10. Bb5+ Bd7 11.
Bg5 $19) ({10:-1.07} 6. Ng1 6... f3 7. gxf3 Be7 8. h5 Bh4+ 9. Ke2 g3 10. Kd3
Nc6 11. Bg2 $17) 6... f6 7. Nh3 ({10:-2.63} 7. Nh3 7... gxh3 8. Qh5+ Kd7 9.
Rxh3 Nc6 10. Rd3 Qe7 11. Qg4+ Kd8 12. Qxf4 12... Be6 $19) ({10:-2.25} 7. Nxh7
7... Rxh7 8. Bc4 Ne7 9. Bxf4 Ng6 10. Bg3 Rh5 11. Nc3 11... Nc6 $19) 7... gxh3
8. Qh5+ Kd7 9. Rxh3 Qe8 10. Qxe8+ Kxe8 11. Rc3 Kd8 12. Bxf4 Bh6 13. Rf3 Bxf4
14. Rxf4 Be6 15. Nc3 Nd7 16. O-O-O Ne7 17. Bb5 c6 18. d5 Bf7 19. dxc6 bxc6 20.
Be2 Ng6 21. Rf2 Ke7 22. Bf3 ({10:-3.19} 22. Bf3 22... Nxh4 23. Be2 Rhg8 24. g4
Ne5 25. Rh2 Nhf3 26. Rf2 26... Ng5 $19) ({10:-2.37} 22. h5 22... Nge5 23. Rd4
Rhg8 24. Bd1 Rg5 25. Rfd2 Nc4 26. Rf2 26... Ne3 $19) 22... Nxh4 23. Rfd2 ({
11:-3.62} 23. Rfd2 23... Ne5 24. Rxd6 Rad8 25. Rxd8 Rxd8 26. Rh1 Nhxf3 27. gxf3
h5 28. Rh3 Rd4 29. Rg3 $19) ({11:-3.19} 23. Be2 23... Rag8 24. Bf1 Ne5 25. Rd4
Ng4 26. Rfd2 Ne3 27. Be2 c5 28. Rxd6 28... Rxg2 $19) 23... Ne5 24. Rxd6 Nhxf3
25. gxf3 Bh5 26. f4 Bxd1 27. fxe5 Bg4 28. Rxf6 Be6 29. Na4 ({11:-3.86} 29. Na4
29... Raf8 30. Rxf8 Rxf8 31. Nc5 h5 32. b3 Rf2 33. Kb2 Rd2 34. a3 34... Re2 $19
) ({11:-2.80} 29. Ne2 29... Rae8 30. Rh6 Kd7 31. Kd2 a5 32. Nd4 a4 33. Ke3 c5
34. Nxe6 34... Rxe6 $19) 29... Raf8 30. Rxf8 Rxf8 31. a3 h5 32. Kd2 h4 33. Nc3
h3 34. Ne2 Rg8 35. Nd4 h2 36. Nxc6+ Kd7 37. Nb4 Rg2+ 38. Kc3 h1=Q 39. Nd3 Qb1
40. Kd4 Qxc2 41. Nc5+ 0-1

[Event "ICS rated blitz match"]
[Site "207.99.83.227"]
[Date "1999.05.14"]
[Round "?"]
[White "ParalyseCabbage"]
[Black "Hossa"]
[Result "1/2-1/2"]
[WhiteElo "2091"]
[BlackElo "2475"]
[PlyCount "92"]

1. e4 e5 2. Nf3 Nf6 3. Bb5 Nxe4 4. Qe2 Nd6 5. Nxe5 Be7 6. Ba4 Nc6 7. Nxc6 dxc6
8. O-O O-O 9. d3 Re8 10. Nc3 Bf6 11. Qf3 Be5 12. Bb3 Qh4 13. g3 Qh3 14. Bd2 Be6
15. Qg2 Qxg2+ 16. Kxg2 Bxb3 17. axb3 Bxc3 18. bxc3 Re2 19. Rad1 Rf8 20. Rfe1
Rfe8 21. Rxe2 Rxe2 22. Kf1 Re7 23. Re1 Rxe1+ 24. Kxe1 h5 25. Ke2 Nb5 26. d4 f5
27. Kd3 Nd6 28. f3 Kf7 29. h4 Ke6 30. Bf4 a5 31. c4 b5 32. c5 Ne8 33. c4 Kd7
34. Be5 Ke6 35. f4 Kd7 36. d5 bxc4+ 37. Kxc4 cxd5+ 38. Kxd5 c6+ 39. Kc4 Nf6 40.
Bxf6 gxf6 41. Kd3 Ke6 42. Kd4 Ke7 43. Kc4 Kd7 44. Kd4 Ke7 45. Kc4 Kd7 46. Kd4
46... Ke7 {Game drawn by repetition} 1/2-1/2

[Event "ICS rated blitz match"]
[Site "207.99.83.227"]
[Date "1999.05.14"]
[Round "?"]
[White "Hossa"]
[Black "wboy"]
[Result "1-0"]
[WhiteElo "2462"]
[BlackElo "2243"]
[PlyCount "82"]

1. e4 c5 2. Nc3 e6 3. Nf3 d5 4. Bb5+ Nc6 5. O-O d4 6. Ne2 Bd7 7. d3 a6 8. Ba4
Bd6 9. c3 dxc3 10. bxc3 Ne5 11. Nxe5 Bxe5 12. d4 cxd4 13. cxd4 Bc7 14. Bxd7+
Qxd7 15. Ba3 Ne7 16. Rc1 O-O 17. Qd2 Rfd8 18. Qg5 Nc6 19. Rc4 Bb6 20. Bb2 f6
21. Qg4 e5 22. Qxd7 Rxd7 23. d5 Na5 24. Rb4 Bc5 25. Ra4 b6 26. Ng3 g6 27. Rc1
Nb7 28. Rac4 Nd6 29. R4c2 h5 30. Re1 h4 31. Nf1 Kf7 32. Nd2 Ke7 33. Nf3 g5 34.
a4 Nb7 35. Rec1 Kd6 36. Nd2 Na5 37. Bc3 Nb7 38. Kh1 Rc7 39. Bb4 Rac8 40. Nc4+
Ke7 41. Nxb6 41... Bxb4 {wboy resigns} 1-0

[Event "ICS rated blitz match"]
[Site "207.99.83.227"]
[Date "1999.05.14"]
[Round "?"]
[White "Secret"]
[Black "Hossa"]
[Result "1-0"]
[WhiteElo "2727"]
[BlackElo "2469"]
[Annotator "Crafty v16.6"]
[PlyCount "118"]

{annotating for player ossa using a scoring margin of +0.20 pawns. search time
limit is 1:00} 1. e4 1... e5 2. Nf3 Nf6 3. d4 exd4 4. e5 Ne4 5. Qxd4 f5 6. exf6
Nxf6 7. Nc3 Nc6 8. Qd3 Nb4 9. Qe2+ Be7 ({11:-1.43} 9... Be7 10. Bg5 Rf8 11.
O-O-O h6 12. Bxf6 Rxf6 13. Qe5 g6 14. Bb5 Rf5 15. Qe6 $16) ({11:-0.48} 9... Qe7
10. Be3 Nbd5 11. Nxd5 Nxd5 12. O-O-O Nxe3 13. fxe3 Qe6 14. Kb1 Bc5 15. Nd4
15... Qe4 $14) 10. a3 Nc6 11. Bg5 O-O 12. O-O-O Kh8 13. Qd2 d6 14. Bc4 Bg4 15.
Be2 Qd7 16. h3 Bf5 17. Qe3 Rae8 18. Bb5 Bd8 19. Bxc6 Qxc6 20. Qxa7 Ne4 21. Bd2
Bf6 ({10:-0.19} 21... Bf6 22. Nd4 Bxd4 23. Qxd4 Bg6 24. Bh6 Rf7 25. Be3 Nxc3
26. Qxc3 Qxg2 27. Kb1 $10) ({10:+0.75} 21... Nxc3 22. Bxc3 Bf6 23. Qa5 Be4 24.
Rhe1 Ra8 25. Qb4 Bxf3 26. gxf3 Bxc3 27. Qxc3 Qxc3 28. bxc3 28... Rxa3 $17) 22.
Nd4 Bxd4 23. Qxd4 Nxd2 24. Qxd2 Qxg2 25. Nb5 Bd7 26. Rhg1 Qxf2 27. Nxc7 Qxd2+
28. Rxd2 Rc8 29. Nd5 Bxh3 30. Rh1 Rf3 31. Nc3 Bf5 32. Re1 Kg8 33. Nb5 Rd3 34.
Red1 Rxd2 35. Rxd2 Bg4 36. Nxd6 Rf8 37. c4 b6 38. Kc2 Bf3 39. Kc3 Ra8 40. Kd4
Bh1 41. Rd3 Rb8 42. Ke5 Bc6 43. Rb3 h5 44. c5 b5 45. Rg3 Kh7 46. Nf5 g6 47. Ne7
Re8 48. Kf6 Rf8+ 49. Kg5 Be4 50. Re3 Bb1 51. c6 Ra8 52. c7 Bf5 53. Nxf5 gxf5
54. Rd3 Rg8+ 55. Kxh5 f4 56. Rd8 f3 57. c8=Q Kg7 58. Qg4+ Kf6 59. Rd6+ Ke5 1-0

[Event "ICS rated blitz match"]
[Site "207.99.83.227"]
[Date "1999.05.14"]
[Round "?"]
[White "Hossa"]
[Black "JudgeTurpin"]
[Result "1-0"]
[WhiteElo "2463"]
[BlackElo "2652"]
[PlyCount "205"]

1. e4 c5 2. Nc3 a6 3. Be2 Nc6 4. Nf3 d6 5. d4 cxd4 6. Nxd4 Nxd4 7. Qxd4 Nf6 8.
O-O e5 9. Qd3 Be7 10. Bg5 Bg4 11. Bxg4 Nxg4 12. Bxe7 Kxe7 13. Qg3 h5 14. h3 Nf6
15. Qxg7 Qg8 16. Qxg8 Rhxg8 17. Rad1 b5 18. Nd5+ Nxd5 19. Rxd5 Rac8 20. c3 Rc4
21. Re1 Ke6 22. Red1 Rd8 23. f3 b4 24. cxb4 Rxb4 25. R1d2 Rb5 26. Rxb5 axb5 27.
Rd5 Rb8 28. Kf2 b4 29. a4 bxa3 30. bxa3 Rb2+ 31. Kg3 h4+ 32. Kxh4 Rxg2 33. Rd3
f6 34. Rb3 f5 35. Rc3 Rg1 36. Rc8 Rd1 37. exf5+ Kxf5 38. Rf8+ Ke6 39. Ra8 d5
40. a4 Rg1 41. a5 Kd6 42. a6 Ra1 43. Kg3 Kc6 44. Kg4 Ra4+ 45. Kf5 e4 46. Kf4
exf3+ 47. Kxf3 Kb6 48. Rh8 Kb5 49. Rh6 Kc4 50. h4 Kd4 51. Kf4 Kc5+ 52. Kf5 Ra1
53. h5 Rf1+ 54. Ke6 Ra1 55. Kd7 d4 56. Kc7 d3 57. Rc6+ Kb5 58. Rb6+ Kc5 59. Rd6
d2 60. Rxd2 Rxa6 61. Kd7 Rh6 62. Rh2 Kd4 63. Ke7 Ke4 64. Kf7 Kf5 65. Kg7 Rd6
66. Rg2 Rd7+ 67. Kh8 Rd8+ 68. Kh7 Rd7+ 69. Rg7 Rd2 70. h6 Rh2 71. Rg6 Rc2 72.
Rg1 Kf6 73. Rg4 Rh2 74. Rg6+ Kf7 75. Rg1 Kf6 76. Rf1+ Ke5 77. Kg7 Rg2+ 78. Kh8
Kd5 79. Re1 Rg3 80. h7 Kc5 81. Rd1 Rg2 82. Rd3 Rg1 83. Rd2 Kb4 84. Rc2 Kb5 85.
Rc3 Rg2 86. Rc1 Kb4 87. Rc8 Rg1 88. Rg8 Rc1 89. Kg7 Rg1+ 90. Kf6 Rf1+ 91. Ke5
Kb3 92. Rg3+ Kb2 93. h8=Q Rf2 94. Kd6+ Kb1 95. Rg2 Rxg2 96. Qh1+ Kc2 97. Qxg2+
Kd3 98. Qf3+ Kd4 99. Qe2 Kc3 100. Kc5 Kb3 101. Qd2 Ka3 102. Kc4 Ka4 103. Qa2# {
JudgeTurpin checkmated} 1-0